000 01079nam a22002657a 4500
005 20100519144516.0
008 100519t xxu||||| |||| 00| 0 hin d
010 _aHIN-89395
020 _c250.00
035 _aHN-61741
037 _bDBAD/PUB
040 _aDPL
_bHN
082 _a
100 _aमेहता, नरेश
_918794
245 _aयह पथ बन्धु था /
_cनरेश मेहता
246 _aYah Path Bandhu Tha/
_bby Naresh Mehata
250 _a5वां सस्करण
260 _aइलाहबाद
_bलोक भारती प्रकाशन
_c2001
270 _a15-ए, महात्मा गांधी मार्ग,
_bइलाहाबाद-1
300 _a469पृ
_c22सेमी (सजिल्द)
650 _aहिन्दी कथा साहित्य
_9657
650 _aHindi Fiction
_918795
942 _2ddc
_cHN
_mमेहता
999 _c36221
_d36221